| 000 | 00599nam a2200217Ia 4500 | ||
|---|---|---|---|
| 003 | OSt | ||
| 005 | 20230503142248.0 | ||
| 008 | 210423s2010 xx 000 0 und d | ||
| 020 | _a978-1-108-41160-8 | ||
| 040 | _cAL | ||
| 041 | _aeng | ||
| 082 |
_a363.73 _223 _bHILU |
||
| 100 |
_aHILL (Marquita K) _997134 |
||
| 245 | _aUnderstanding environmental pollution Ed 3 | ||
| 260 |
_aDelhi _bCambridge University Press _c2010 |
||
| 300 |
_axvi,585 _bPB |
||
| 365 |
_b995 _cINR |
||
| 650 |
_aEnvironmental Problems _997135 |
||
| 906 | _aenvironmental ; pollution ; Understanding | ||
| 942 |
_2ddc _cBK |
||
| 999 |
_c170797 _d170797 |
||